Zoologica africana.

Bibliographic Details
New Title:South African journal of zoology
Corporate Author: South Africa. Department of Education, Arts, and Science (sponsoring body.)
Format: Journal
Language:English
Published: [Cape Town] : [Zoological Society of Southern Africa], [1965-1978]
Subjects:
Online Availability: Check for online availability

MARC

Tag First Indicator Second Indicator Subfields
LEADER 00000cas a2200000Ka 4500
001 in00004058670
005 20190718162921.0
006 m o d
007 cr bn||||||abp
007 cr bn||||||ada
008 100317d19651978sa fr poo b 0 a0eng d
019 |a 607061111 
022 |y 0044-5096  |l 0044-5096 
035 |a (OCoLC)ocn557581720 
035 |a (OCoLC)557581720  |z (OCoLC)607061111 
040 |a OCLCE  |b eng  |c OCLCE  |d OCLCQ  |d OCLCO  |d OCLCA  |d OCLCF  |d OCLCO  |d OCLCQ  |d OCLCO  |d OCLCA  |d GZM  |d TXA  |d UtOrBLW 
042 |a dlr 
043 |a f-sa--- 
049 |a TXAM 
050 4 |a QL1  |b .Z822 
060 4 |a W1  |b ZO605A 
090 |a QL1  |b .Z734 Electronic 
245 0 0 |a Zoologica africana. 
264 1 |a [Cape Town] :  |b [Zoological Society of Southern Africa],  |c [1965-1978] 
300 |a 1 online resource 
310 |a Two issues per year 
336 |a text  |b txt  |2 rdacontent 
337 |a computer  |b c  |2 rdamedia 
338 |a online resource  |b cr  |2 rdacarrier 
362 1 |a Began with: Volume 1, issue 1 (1965); ceased with: Volume 13, Issue 2 (1978). 
500 |a Index for each volume inserted in number 2. 
506 |3 Use copy  |f Restrictions unspecified  |5 MiAaHDL  |2 star 
510 0 |a Chemical abstracts  |x 0009-2258 
533 |a Electronic reproduction.  |b [S.l.] :  |c HathiTrust Digital Library,  |d 2010.  |5 MiAaHDL 
550 |a Published for the Zoological Society of Southern Africa with the aid of grants from the Dept. of Education, Arts and Science. 
583 1 |a digitized  |c 2010  |h HathiTrust Digital Library  |l committed to preserve  |5 MiAaHDL  |2 pda 
588 |a Description based on: Volume 1, issue 1 (1965); title from PDF article running title (tandfonline, viewed April 2, 2019). 
588 |a Latest issue consulted: Volume 13, Issue 2 (1978) (tandfonline, viewed April 2, 2019). 
500 |a Electronic resource. 
650 0 |a Zoology  |z South Africa  |v Periodicals. 
650 2 |a Zoology.  |0 https://id.nlm.nih.gov/mesh/D015046 
655 2 |a Periodical.  |0 https://id.nlm.nih.gov/mesh/D020492 
650 7 |a Zoology.  |2 fast  |0 (OCoLC)fst01184696 
651 7 |a South Africa.  |2 fast  |0 (OCoLC)fst01204616 
650 1 7 |a Dierkunde.  |2 gtt 
655 7 |a Periodicals.  |2 fast  |0 (OCoLC)fst01411641 
710 2 |a Zoological Society of Southern Africa,  |e issuing body.  |0 http://id.loc.gov/authorities/names/n81125991 
710 1 |a South Africa.  |b Department of Education, Arts, and Science,  |e sponsoring body.  |0 http://id.loc.gov/authorities/names/n81047361 
776 0 8 |i Print version:  |t Zoologica Africana  |x 0044-5096  |w (DLC)sn 80000713  |w (OCoLC)1020208 
785 0 0 |t South African journal of zoology  |w (OCoLC)654587570 
948 |a cataloged  |b h  |c 2019/4/2  |d c  |e spoltoratski  |f 2:16:37 pm  |g NCF 
994 |a C0  |b TXA 
999 f f |s 61f46baf-e9f3-3c30-ba69-c51439b3ab09  |i 4932431d-fff7-3378-87fb-d8b1630844aa  |t 0 
952 f f |a Texas A&M University  |b College Station  |c Electronic Resources  |d Available Online  |t 0  |e QL1 .Z734  |g Electronic  |h Library of Congress classification 
998 f f |a QL1 .Z734  |t 0  |l Available Online